| 000 | 00845nam a22001937a 4500 | ||
|---|---|---|---|
| 005 | 2012013007197.0 | ||
| 020 | _c130.00 | ||
| 035 | _aB-131859 | ||
| 082 | _a000 | ||
| 100 |
_aGanesh Kumar _940406 |
||
| 245 |
_aUpkar's modern general knowledge : _buseful for various competitive examinations / _cby Ganesh Kumar |
||
| 260 |
_aAgra _bUpkar Prakashan _c2006 |
||
| 270 |
_bAgra _e282002 _k2530966, 2531101, 3208693/94 _l(0562)4031570 _mpublisher@upkar.in |
||
| 300 |
_avii,380p. _c24cm.(pbk) |
||
| 942 |
_2ddc _cEN _h000 _mGAN |
||
| 999 |
_c61684 _d61684 |
||